British Cities Trivia - Statistics

General Stats
  • This quiz has been taken 61 times
  • The average score is 9 of 10
Answer Stats
Hint Answer % Correct
Home to Britain's busiest airport London
100%
Scotland's capital city Edinburgh
97%
Home to a prestigious university dating back to 1096 Oxford
97%
The capital city and the largest city in Wales Cardiff
95%
Most populated city in Scotland Glasgow
95%
The biggest city in Merseyside Liverpool
95%
A major city in the West Midlands region Birmingham
88%
2nd largest city in Wales (in terms of population) Swansea
88%
The city where Stephen Hawking used to live in Cambridge
64%
Home to the so-called 'The Theatre of Dreams' Manchester
63%
No matching quizzes found
Score Distribution
Percent of People with Each Score
Percentile by Number Answered
Your Score History
You have not taken this quiz